[Event "HUN-chT2 Maroczy 1819"]
[Site "Hungary"]
[Date "2018.10.28"]
[Round "3.5"]
[White "Sinkovics, Peter"]
[Black "Balla, Tamas Kristof"]
[Result "0-1"]
[WhiteElo "2228"]
[BlackElo "2328"]
[PlyCount "94"]
[EventDate "2018.09.23"]
[EventType "team-tourn"]
[EventRounds "11"]
[EventCountry "HUN"]
[SourceTitle "EXT 2020"]
[Source "ChessBase"]
[SourceDate "2019.10.17"]
[SourceVersion "1"]
[SourceVersionDate "2019.10.17"]
[SourceQuality "1"]
[WhiteTeam "Taban Spartacus"]
[BlackTeam "Kisujszallas"]
[WhiteTeamCountry "HUN"]
[BlackTeamCountry "HUN"]

1. d4 Nf6 2. c4 g6 3. Nc3 Bg7 4. e4 d6 5. Nf3 0-0 6. Be2 e5 7. 0-0 Nc6 8. dxe5 dxe5 9. Bg5 Nd4 10. Nxe5 Ne6 11. Bh4 Qxd1 12. Raxd1 Nxe4 13. Nxe4 Bxe5 14. Be7 Nd4 15. Bd3 f5 16. Nc3 Re8 17. Ba3 c6 18. Rfe1 Bd7 19. Bf1 Bf6 20. Rxe8+ Bxe8 21. Bd6 Rd8 22. c5 Bf7 23. f4 Ne6 24. Bc4 Bd4+ 25. Kf1 Bxc5 26. Be5 Rxd1+ 27. Nxd1 b5 28. Bb3 a5 29. a4 Nd4 30. Bxf7+ Kxf7 31. axb5 cxb5 32. Nc3 b4 33. Na4 Ba7 34. Bc7 Nb3 35. Ke2 Ke6 36. Kd3 Kd5 37. Bd8 Kc6 38. Kc4 Nd2+ 39. Kd3 Ne4 40. b3 Kb5 41. Bc7 Nf2+ 42. Ke2 Bd4 43. h3 Ne4 44. Kd3 Bf6 45. Bb6 Nc3 46. Nxc3+ Bxc3 47. Bd8 a4 0-1

[Event "HUN-chT2 Maroczy 1718"]
[Site "Hungary"]
[Date "2018.01.28"]
[Round "5.4"]
[White "Balla, Tamas Kristof"]
[Black "Sinkovics, Peter"]
[Result "1-0"]
[WhiteElo "2342"]
[BlackElo "2255"]
[PlyCount "75"]
[EventDate "2017.10.29"]
[EventType "team-tourn"]
[EventRounds "9"]
[EventCountry "HUN"]
[SourceTitle "EXT 2021"]
[Source "ChessBase"]
[SourceDate "2020.10.23"]
[SourceVersion "1"]
[SourceVersionDate "2020.10.23"]
[SourceQuality "1"]
[WhiteTeam "Kisujszallas"]
[BlackTeam "Taban Spartacus"]
[WhiteTeamCountry "HUN"]
[BlackTeamCountry "HUN"]

1. d4 Nf6 2. c4 e6 3. Nc3 Bb4 4. Qc2 d5 5. cxd5 exd5 6. Bg5 h6 7. Bh4 c5 8. dxc5 0-0 9. e3 Be6 10. Nf3 Nbd7 11. a3 Bxc5 12. Be2 Rc8 13. 0-0 a6 14. Rfd1 b5 15. Nd4 Qb6 16. Qd2 g5 17. Bg3 Rfd8 18. Bd3 Bf8 19. b4 Nh5 20. Nce2 Nxg3 21. Nxg3 Ne5 22. Qe2 Bg4 23. f3 Be6 24. Ngf5 Rc3 25. h4 Rdc8 26. Kh1 Nxd3 27. Rxd3 Rc1+ 28. Rxc1 Rxc1+ 29. Kh2 Qc7+ 30. f4 Bxf5 31. Nxf5 gxf4 32. Qg4+ Kh8 33. Qxf4 Qxf4+ 34. exf4 Bg7 35. Rxd5 Rc3 36. Rd8+ Kh7 37. Rd7 Kg6 38. g4 1-0

[Event "Budapest-chT1 Lilienthal 1314"]
[Site "Budapest"]
[Date "2013.11.10"]
[Round "3"]
[White "Horvath, David G"]
[Black "Sinkovics, Peter"]
[Result "1/2-1/2"]
[WhiteElo "2360"]
[BlackElo "2298"]
[PlyCount "45"]
[EventDate "2013.09.29"]
[EventType "team-tourn"]
[EventRounds "11"]
[EventCountry "HUN"]
[SourceTitle "EXT 2021"]
[Source "ChessBase"]
[SourceDate "2020.10.23"]
[SourceVersion "1"]
[SourceVersionDate "2020.10.23"]
[SourceQuality "1"]
[WhiteTeam "Csepel"]
[BlackTeam "Taban Spartacus II"]
[WhiteTeamCountry "HUN"]
[BlackTeamCountry "HUN"]

1. Nf3 Nf6 2. c4 c6 3. g3 d5 4. b3 g6 5. Bg2 Bg7 6. Bb2 0-0 7. 0-0 Nbd7 8. d4 Ne4 9. Nbd2 Ndf6 10. Nxe4 Nxe4 11. Nd2 Nxd2 12. Qxd2 Bf5 13. cxd5 cxd5 14. Rac1 Rc8 15. Rxc8 Bxc8 16. Rc1 e6 17. e3 Bd7 18. Ba3 Re8 19. Bf1 Qb8 20. Qa5 b6 21. Qa6 h5 22. Bb5 Bxb5 23. Qxb5 1/2-1/2

[Event "HUN-chT2 Charousek 1314"]
[Site "Hungary"]
[Date "2013.11.03"]
[Round "4"]
[White "Sinkovics, Peter"]
[Black "Gal, Hanna Krisztina"]
[Result "1/2-1/2"]
[WhiteElo "2298"]
[BlackElo "2095"]
[PlyCount "114"]
[EventDate "2013.09.08"]
[EventType "team-tourn"]
[EventRounds "11"]
[EventCountry "HUN"]
[SourceTitle "EXT 2016"]
[Source "ChessBase"]
[SourceDate "2015.10.08"]
[SourceVersion "1"]
[SourceVersionDate "2015.10.08"]
[SourceQuality "1"]
[WhiteTeam "Taban Spartacus"]
[BlackTeam "Paks ASE II"]
[WhiteTeamCountry "HUN"]
[BlackTeamCountry "HUN"]

1. d4 d5 2. c4 e6 3. Nc3 c5 4. cxd5 exd5 5. Nf3 Nc6 6. g3 Nf6 7. Bg2 Be7 8. 0-0 0-0 9. dxc5 Bxc5 10. Bg5 d4 11. Bxf6 Qxf6 12. Nd5 Qd8 13. Nd2 Bg4 14. Ne4 Bb6 15. Qd2 Re8 16. Nxb6 Qxb6 17. Rfe1 Be6 18. Ng5 Rad8 19. Nxe6 Rxe6 20. Rac1 h6 21. Bxc6 Rxc6 22. Rxc6 Qxc6 23. Rc1 Qd5 24. b3 d3 25. Qxd3 Qxd3 26. exd3 Rxd3 27. Rc8+ Kh7 28. Rc7 Rd2 29. a4 b6 30. Rxa7 Rb2 31. Rxf7 Rxb3 32. Ra7 b5 33. a5 Rb1+ 34. Kg2 b4 35. h4 b3 36. Rb7 Ra1 37. Rxb3 Rxa5 38. g4 Rc5 39. f4 Ra5 40. Kf3 Ra4 41. h5 Ra5 42. Re3 Ra4 43. Kg3 Rb4 44. g5 hxg5 45. fxg5 Ra4 46. Rf3 Rb4 47. Rf4 Rb3+ 48. Kg4 Rb5 49. Rd4 Ra5 50. Re4 Rb5 51. Re7 Rb4+ 52. Kf5 Rb5+ 53. Re5 Rb1 54. Ke6 Rh1 55. Kf7 Rf1+ 56. Ke7 Rh1 57. Kf7 Rf1+ 1/2-1/2

[Event "HUN-chT2 Maroczy 1213"]
[Site "Hungary"]
[Date "2013.03.03"]
[Round "8"]
[White "Karacsony, Attila"]
[Black "Sinkovics, Peter"]
[Result "0-1"]
[WhiteElo "2308"]
[BlackElo "2290"]
[PlyCount "92"]
[EventDate "2012.09.16"]
[EventType "team-tourn"]
[EventRounds "11"]
[EventCountry "HUN"]
[SourceTitle "EXT 2014"]
[Source "ChessBase"]
[SourceDate "2013.11.20"]
[SourceVersion "1"]
[SourceVersionDate "2013.11.20"]
[SourceQuality "1"]
[WhiteTeam "Vasas"]
[BlackTeam "Taban Spartacus"]
[WhiteTeamCountry "HUN"]
[BlackTeamCountry "HUN"]

1. e4 e5 2. f4 exf4 3. Bc4 Nf6 4. Nc3 Bb4 5. Nge2 Nxe4 6. 0-0 Nxc3 7. Nxc3 0-0 8. Rxf4 c6 9. Bxf7+ Rxf7 10. Rxb4 d5 11. Ne2 Qe7 12. Rd4 h5 13. h3 Bxh3 14. gxh3 Qg5+ 15. Kh1 Rf2 16. Qg1 Qf6 17. Rf4 Rxf4 18. Nxf4 Qxf4 19. d3 Qf5 20. Qg2 Nd7 21. Bd2 Rf8 22. Rg1 Rf7 23. Bc3 Ne5 24. Bxe5 Qxe5 25. b3 Qe3 26. Rf1 Rxf1+ 27. Qxf1 g6 28. Kg2 Kg7 29. Qd1 Kh6 30. Qf1 Kg5 31. Qf7 Qe2+ 32. Kg1 Qd1+ 33. Kf2 Qxc2+ 34. Ke3 Qc1+ 35. Ke2 Qb2+ 36. Kd1 Qd4 37. Qe7+ Kh6 38. Kc2 b5 39. Qf8+ Kh7 40. Qd6 Qf2+ 41. Kc3 a5 42. a3 d4+ 43. Qxd4 Qxd4+ 44. Kxd4 g5 45. Ke4 Kg6 46. Kf3 Kf5 0-1

[Event "Biel Hanowa Generations"]
[Site "Biel"]
[Date "2009.07.23"]
[Round "4"]
[White "Sinkovics, Peter"]
[Black "Rosenthal, Jonathan"]
[Result "1-0"]
[WhiteElo "2331"]
[BlackElo "2262"]
[PlyCount "66"]
[EventDate "2009.07.20"]
[EventType "schev"]
[EventRounds "10"]
[EventCountry "SUI"]
[SourceTitle "CBM 131 Extra"]
[Source "ChessBase"]
[SourceDate "2009.09.03"]
[SourceVersion "2"]
[SourceVersionDate "2009.09.16"]
[SourceQuality "1"]

1. d4 d5 2. c4 dxc4 3. Nf3 Nf6 4. e3 g6 5. Bxc4 Bg7 6. 0-0 0-0 7. Nc3 Ne8 8. Qe2 Nd6 9. Bd3 Nc6 10. Rd1 Nb4 11. e4 Nxd3 12. Qxd3 c6 13. e5 Nf5 14. b3 Be6 15. Bb2 Bd5 16. Ne4 Rc8 17. h3 Re8 18. Nfd2 Bf8 19. Nc4 Bxe4 20. Qxe4 Qd5 21. Qe2 Bh6 22. Rd3 Red8 23. Rad1 Rd7 24. Ne3 Bxe3 25. fxe3 Ng3 26. Qg4 Ne4 27. Rf1 f5 28. Rxf5 Nf6 29. Rxf6 exf6 30. e4 f5 31. exf5 Re8 32. fxg6 hxg6 33. Qxg6+ Kf8 1-0